000
00215nam a22000977a 4500
082
_a
030 WOR'L
245
_a
THE WORLD ALMANAC AND BOOK OF FACTS 1983
260
_a
NEWYORK
_b
NEA
_c
1983
300
_a
976P
942
_c
BK
999
_c
579645
_d
579645